Techniques & principles in language teaching

Saved in:
Bibliographic Details
Main Author: Larsen-Freeman, Diane
Other Authors: Anderson, Marti
Format: Book
Language:English
Published: Oxford Oxford University Press 2016
Edition:3rd ed.
Subjects:
Tags: Add Tag
No Tags, Be the first to tag this record!

MARC

LEADER 00000nam a2200000 4500
001 0189995
005 20230109072839.4
020 |a 978-0-19-442360-1 
041 0 |a eng 
044 |a GB 
245 1 0 |a Techniques & principles in language teaching  |c Diane Larsen-Freeman and Marti Anderson 
250 |a 3rd ed. 
264 1 |a Oxford  |b Oxford University Press  |c 2016 
300 |a 252 s. 
610 2 0 |a jazykoveda 
610 2 0 |a vzdelávanie 
610 2 0 |a vyučovanie 
610 2 0 |a metodika 
610 2 0 |a technika 
610 2 0 |a digitalizácia 
610 2 0 |a gramatika 
100 1 |a Larsen-Freeman, Diane 
700 1 |a Anderson, Marti